000 00756cam a22002653a 4500
001 2196
003 PGUSA
005 20140828083011.0
008 060326s2006||||xxu|||||s|||||000 1 eng d
040 _aPGUSA
_beng
042 _adc
050 4 _aPQ
100 1 _aLoti, Pierre,
_d1850-1923
245 1 3 _aAn Iceland Fisherman
_h[electronic resource] /
_cPierre Loti
260 _bProject Gutenberg,
_c2006
500 _aTranslation from French of PĂȘcheur d'Islande
506 _aPublic domain in the USA.
516 _aElectronic text
653 _aFishers -- Fiction
653 _aIceland -- Fiction
700 1 _aCambon, Jules,
_d1845-1935
830 0 _aProject Gutenberg
_v2196
856 4 0 _uhttp://www.gutenberg.org/ebooks/2196
942 _cEB
999 _c231534
_d231534